000 00424nam a2200157 a 4500
005 20140414093835.0
008 030611s19uu xx 00 eng d
050 _aCDR 516
_bMAT 1996
100 _aThe Math Resource Center
245 _aGeometry.
500 _aThe Platenum set. "Windows 3.1 or Windows 95". ;
650 _aGeometry
_xInteractive videos.
650 _aMathematics.
942 _cAVM
999 _c108990
_d108990